Cálculo de matrices

Bewaard in:
Bibliografische gegevens
Hoofdauteur: Bouteloup, Jacques
Formaat: Boek
Taal:Spaans
Gepubliceerd in: Buenos Aires, Argentina Eudeba 1969
Editie:Tercera edición
Reeks:Cuadernos de Eudeba
Onderwerpen:
Tags: Voeg label toe
Geen labels, Wees de eerste die dit record labelt!

MARC

LEADER 00000nam a2200000 a 4500
001 UCQ9174
003 CL-VaPUC
005 20250224152543.0
008 981230e19690000AG |||||||||||||||||spa|d
999 |c 278264  |d 278262 
040 |c Pontificia Universidad Católica de Valparaíso 
082 0 4 |a 512.9434 BOU 1969  |2 21 
100 0 |a Bouteloup, Jacques  |9 423625 
245 1 0 |a Cálculo de matrices 
250 |a Tercera edición 
260 0 3 |a Buenos Aires, Argentina  |b Eudeba  |c 1969 
300 |a 116 páginas 
490 0 |a Cuadernos de Eudeba 
583 |a last modification  |c 19981230 00:00:00  |k Rodrigo Vera 
650 0 |a Álgebra   |x Matrices  |9 369268 
650 0 |a Matrices   |9 22 
650 0 |a Álgebra vectorial   |9 269971 
650 0 |a Espacios vectoriales   |9 21 
942 |c BK  |2 ddc 
945 |d 19981230 00:00:00  |a crobeson 
952 |0 0  |1 0  |2 ddc  |4 0  |6 512_943400000000000_BOU_1969  |7 0  |8 A  |9 316724  |a BIBMAT  |b BIBMAT  |d 2019-11-20  |i 1312839  |o 512.9434 BOU 1969  |p 1312839  |r 2025-01-07  |t 1  |w 2019-11-20  |y BK  |k MAT